Größte Orte im Saarland A-Z - Statistiken

Allgemein
  • Dieses Quiz wurde 86 mal gespielt
  • Das Durchschnittsergebnis liegt bei 9 aus 20
Antwortstatistiken
Landkreis Einwohnerzahl Ort % Korrekt
S keine Hinweise, das wäre sonst zu einfach 183.509 Saarbrücken
94%
N keine Hinweise, das wäre sonst zu einfach 47.097 Neunkirchen
91%
H Saarpfalz 42.498 Homburg
88%
M keine Hinweise, das wäre sonst zu einfach 30.070 Merzig
77%
V Regionalverband Saarbrücken 40.358 Völklingen
73%
D Saarlouis 19.941 Dillingen/Saar
61%
B Saarpfalz 20.202 Blieskastel
55%
O Neunkirchen 14.522 Ottweiler
45%
Q Regionalverband Saarbrücken 12.896 Quierschied
45%
P Regionalverband Saarbrücken 18.342 Püttlingen
39%
I Neunkirchen 15.987 Illingen
38%
L Saarlouis 19.108 Lebach
36%
T St. Wendel 12.186 Tholey
36%
R Regionalverband Saarbrücken 14.331 Riegelsberg
31%
F Regionalverband Saarbrücken 9.887 Friedrichsthal
27%
K Regionalverband Saarbrücken 10.786 Kleinblittersdorf
27%
E Neunkirchen 16.507 Eppelborn
23%
G Regionalverband Saarbrücken 7.891 Großrosseln
20%
U Saarlouis 11.591 Überherrn
17%
W Saarlouis 17.076 Wadgassen
14%
Keine übereinstimmenden Quizze gefunden
Verteilung der Resultate
Anzahl Personen mit jedem Resultat
Perzentil nach korrekt beantworteten Fragen
Ihre Resultats-Entwicklung
Sie haben dieses Quiz noch nicht gespielt